| 000 | 00508nam a22001697a 4500 | ||
|---|---|---|---|
| 005 | 20250214132448.0 | ||
| 008 | 250214b |||||||| |||| 00| 0 eng d | ||
| 020 | _a9798174764156 | ||
| 050 |
_aHF5817 _bBOW |
||
| 100 | _aBowden, John | ||
| 245 |
_aPowerful business speeches; _bhow to motivate and persuade whatever the business situation |
||
| 250 | _a2nd | ||
| 260 |
_aNew Delhi _bUSB Publishers' Distributors PVT, ltd. _cc2003 |
||
| 300 |
_a128p; _bil.; |
||
| 500 | _aincludes index | ||
| 942 |
_2lcc _cBK _n0 |
||
| 999 |
_c3863 _d3863 |
||